Investigació d'accidents de circulació : manual del formador / [text: Juan Antonio Castilla] manual del formador / [text:
Publicado:
Barcelona :
Diputació de Barcelona. Àrea de Presidència. Direcció de Serveis de Formació ,
2009
Descripción Física:
46 p. : taules ; 29 cm
MARC
| LEADER | 00000nam a2200000Ia 4500 | ||
|---|---|---|---|
| 001 | 22521 | ||
| 008 | 160829s2009 xx 000 0 cat d | ||
| 080 | |a FU-57-10 | ||
| 100 | |a Castilla, Juan Antonio |9 39729 | ||
| 245 | |a Investigació d'accidents de circulació : |b manual del formador / [text: |b Juan Antonio Castilla] | ||
| 250 | |a 2a ed. | ||
| 260 | |a Barcelona : |b Diputació de Barcelona. Àrea de Presidència. Direcció de Serveis de Formació, |c 2009 | ||
| 300 | |a 46 p. : |b taules ; |c 29 cm | ||
| 650 | |a Circulació |x Accidents |x Investigació |x Manuals, guies, etc. |9 45203 | ||
| 710 | |a Barcelona (Catalunya : Província). |b Direcció de Serveis de Formació |9 51343 | ||
| 901 | |a Arxiu | ||
| 942 | |n 1 | ||
| 952 | |0 0 |1 0 |4 0 |6 FU5710 |7 1 |9 52434 |a Arxiu |b Arxiu |d 2016-12-01 |l 0 |o FU-57-10 |p 22521 |r 2016-12-01 00:00:00 |w 2016-12-01 |y ARXIU | ||
| 999 | |c 56282 |d 56282 | ||